[Event "48th Bosna it"]
[Site "Sarajevo BIH"]
[Date "2018.05.07"]
[Round "4.24"]
[White "Hoeneveld, Maarten"]
[Black "Maksimovic, Bojan"]
[Result "1-0"]
[WhiteElo "2045"]
[BlackElo "2301"]
[EventDate "2018.05.05"]
[PlyCount "115"]

1.d4 Nf6 2.c4 e6 3.Nc3 d5 4.Bg5 Be7 5.Nf3 O-O 6.cxd5 exd5 7.e3 c6 8.Rb1 
Bf5 9.Bd3 Bxd3 10.Qxd3 a5 11.O-O Nbd7 12.a3 Ne4 13.Bxe7 Qxe7 14.Nd2 Nxd2 
15.Qxd2 Rfe8 16.Qc2 Nb6 17.Rfe1 Qd7 18.Na4 Nc8 19.b4 axb4 20.axb4 b5 21.
Nc5 Qc7 22.Ra1 Nb6 23.Qc3 Nc4 24.h3 h6 25.Rec1 Rec8 26.Nd3 Qd8 27.Rc2 
Rxa1+ 28.Qxa1 Ra8 29.Ra2 Rxa2 30.Qxa2 Qf6 31.Nc5 Qg6 32.Nd7 Qd6 33.Qa8+ 
Kh7 34.Nf8+ Kg8 35.Nd7+ Kh7 36.Qe8 Kg6 37.Nf8+ Kf6 38.Nh7+ Kg6 39.Nf8+ Kf6
40.Nd7+ Kg6 41.h4 h5 42.Nf8+ Kf6 43.Nh7+ Kg6 44.Ng5 Qc7 45.Qh8 Nd6 46.Qh7+
Kf6 47.Qxh5 Ke7 48.Nf3 f6 49.Ne1 Qa7 50.Nd3 Ne4 51.Qg4 Kf7 52.Qc8 Qa1+ 53.
Kh2 Qf1 54.Nf4 Ke7 55.Qc7+ Kf8 56.Ne6+ Ke8 57.Nxg7+ Kf8 58.Nf5 1-0

[Event "48th Bosna it"]
[Site "Sarajevo BIH"]
[Date "2018.05.07"]
[Round "4.25"]
[White "Eric, Jovana"]
[Black "Stanivukovic, Drago"]
[Result "1-0"]
[WhiteElo "2301"]
[BlackElo "1872"]
[EventDate "2018.05.05"]
[PlyCount "97"]

1.e4 e5 2.Nc3 Nf6 3.g3 a6 4.Bg2 Bc5 5.Nge2 O-O 6.O-O d6 7.h3 Nc6 8.d3 h6 
9.Kh2 b5 10.f4 Nd7 11.f5 f6 12.Nd5 Nb6 13.c3 Nxd5 14.exd5 Ne7 15.d4 exd4 
16.cxd4 Bb6 17.g4 Bd7 18.Nf4 Rc8 19.Ne6 Bxe6 20.dxe6 d5 21.Be3 c6 22.Kh1 
Re8 23.Qd2 Kh7 24.h4 Rh8 25.Rf3 c5 26.dxc5 Bxc5 27.Rd1 Bxe3 28.Qxe3 Rc4 
29.Rf4 Qd6 30.Rfd4 Rxd4 31.Rxd4 Qe5 32.Qxe5 fxe5 33.Rd1 e4 34.Rc1 h5 35.
Rc7 Re8 36.Bh3 hxg4 37.Bxg4 d4 38.Bh5 e3 39.Kg2 Nd5 40.Bxe8 Nxc7 41.Bg6+ 
Kh6 42.e7 d3 43.Kf3 d2 44.Ke2 b4 45.e8=Q Nxe8 46.Bxe8 a5 47.b3 Kh7 48.Bh5 
Kh6 49.Bg4 1-0

[Event "48th Bosna it"]
[Site "Sarajevo BIH"]
[Date "2018.05.07"]
[Round "4.26"]
[White "Herega, Nejc"]
[Black "Vajic, Goran"]
[Result "0-1"]
[WhiteElo "1600"]
[BlackElo "2294"]
[EventDate "2018.05.05"]
[PlyCount "88"]

1.d4 Nf6 2.c4 g6 3.Nc3 Bg7 4.e4 d6 5.Nf3 O-O 6.Bg5 h6 7.Bh4 Nbd7 8.Be2 c5 
9.d5 g5 10.Bg3 Nh5 11.Qd3 a6 12.Qc2 b5 13.cxb5 axb5 14.Bxb5 Ba6 15.Bxa6 
Rxa6 16.O-O Qb6 17.a4 Nxg3 18.hxg3 Qb4 19.Rfc1 Rb8 20.Ra2 Ne5 21.Nxe5 Bxe5
22.b3 Bxc3 23.Qxc3 Qxb3 24.Qxb3 Rxb3 25.f3 Kg7 26.Rc4 Kf6 27.Kf2 e6 28.
dxe6 fxe6 29.f4 Ra5 30.Rd2 Rb6 31.Kf3 Rba6 32.Rdc2 Rxa4 33.e5+ dxe5 34.
fxg5+ hxg5 35.Rxc5 Ra3+ 36.Kf2 Ra2 37.Rc4 Rxc2+ 38.Rxc2 Kf5 39.Rc4 e4 40.
Ke3 Ra3+ 41.Kf2 Ra2+ 42.Kf1 Rd2 43.g4+ Kf4 44.g3+ Kf3 0-1

[Event "48th Bosna it"]
[Site "Sarajevo BIH"]
[Date "2018.05.07"]
[Round "4.27"]
[White "Urh, Zala"]
[Black "Vlatkovic, Milos"]
[Result "1-0"]
[WhiteElo "2040"]
[BlackElo "2318"]
[EventDate "2018.05.05"]
[PlyCount "71"]

1.e4 c6 2.d4 d5 3.Nc3 dxe4 4.Nxe4 Nf6 5.Nxf6+ exf6 6.c3 Bd6 7.Bd3 O-O 8.
Qc2 Re8+ 9.Ne2 f5 10.Bxf5 Bxf5 11.Qxf5 Nd7 12.Be3 Nb6 13.O-O Nc4 14.b3 g6 
15.Qf3 Nxe3 16.fxe3 f5 17.Rae1 Qh4 18.g3 Qg5 19.Nf4 Qe7 20.Nd3 h5 21.Nf2 
h4 22.e4 hxg3 23.hxg3 Qg5 24.e5 Be7 25.Nh3 Qh6 26.Kg2 Rad8 27.Rh1 Qg7 28.
Nf4 Bg5 29.Nd3 Bd2 30.Nf4 Bxe1 31.Rxe1 Qh6 32.Rh1 Qg5 33.Qf1 Kg7 34.Rh2 
Qe7 35.Qh1 Rh8 36.Rxh8 1-0

[Event "48th Bosna it"]
[Site "Sarajevo BIH"]
[Date "2018.05.07"]
[Round "4.28"]
[White "Cerovic, Danilo"]
[Black "Kajevic, Dzevad"]
[Result "1-0"]
[WhiteElo "2307"]
[BlackElo "1979"]
[EventDate "2018.05.05"]
[PlyCount "51"]

1.Nf3 d5 2.g3 Nf6 3.Bg2 c5 4.O-O Nc6 5.d4 cxd4 6.Nxd4 e5 7.Nxc6 bxc6 8.c4 
Be6 9.Qa4 Qd7 10.Rd1 Bc5 11.cxd5 cxd5 12.Qxd7+ Nxd7 13.Bxd5 Bxd5 14.Rxd5 
Rc8 15.Nc3 f6 16.Na4 Bd4 17.e3 Nb6 18.Ra5 Nc4 19.Ra6 Bb6 20.b3 Na5 21.Bd2 
Nc6 22.Nxb6 axb6 23.Rxb6 Kf7 24.b4 Rhd8 25.Be1 Ne7 26.a4 1-0

[Event "48th Bosna it"]
[Site "Sarajevo BIH"]
[Date "2018.05.07"]
[Round "4.29"]
[White "Kurtcehajlic, Suad"]
[Black "Hadzovic, Amir"]
[Result "0-1"]
[WhiteElo "1994"]
[BlackElo "2287"]
[EventDate "2018.05.05"]
[PlyCount "96"]

1.e4 e5 2.Nf3 Nc6 3.Bc4 Nf6 4.d3 Be7 5.c3 O-O 6.O-O d6 7.Bb3 h6 8.Re1 Nh7 
9.h3 Ng5 10.Nxg5 Bxg5 11.Qh5 Bxc1 12.Rxc1 Qf6 13.Nd2 Ne7 14.Nf1 Kh7 15.Ne3
g6 16.Ng4 Qg7 17.Qh4 f5 18.Ne3 fxe4 19.dxe4 Rf4 20.Qg3 Rxe4 21.Nd5 Nxd5 
22.Bxd5 Rf4 23.Re1 Bd7 24.Re2 c6 25.Be4 Raf8 26.f3 Qf6 27.Rd1 d5 28.Bc2 
Bf5 29.Bxf5 Rxf5 30.Rde1 Rg5 31.Qf2 Rf7 32.Qxa7 Qxf3 33.Rf2 Qxf2+ 34.Qxf2 
Rxf2 35.Kxf2 Rf5+ 36.Ke3 Kg7 37.a4 Kf6 38.b4 Rf4 39.a5 Re4+ 40.Kf2 Rxe1 
41.Kxe1 Kf5 42.g3 g5 43.Ke2 Ke4 44.h4 gxh4 45.gxh4 h5 46.Kd2 Kf3 47.c4 
dxc4 48.Kc3 e4 0-1

[Event "48th Bosna it"]
[Site "Sarajevo BIH"]
[Date "2018.05.07"]
[Round "4.30"]
[White "Subelj, Jan"]
[Black "Ababneh, Ghayth"]
[Result "1-0"]
[WhiteElo "2284"]
[BlackElo "2006"]
[EventDate "2018.05.05"]
[PlyCount "133"]

1.e4 e5 2.Nf3 Nc6 3.Bb5 a6 4.Ba4 Nf6 5.O-O b5 6.Bb3 Bc5 7.c3 d6 8.d3 h6 9.
Nbd2 O-O 10.Re1 Re8 11.Nf1 d5 12.exd5 Nxd5 13.d4 Ba7 14.dxe5 Be6 15.Ng3 
Nb6 16.Qe2 Nc4 17.Bc2 Ne7 18.Rd1 Qc8 19.Qe4 Ng6 20.b3 Nb6 21.Nh4 Nf8 22.
Ba3 c5 23.Rd6 Nbd7 24.Rad1 b4 25.cxb4 cxb4 26.Bxb4 Nxe5 27.Nhf5 Nfg6 28.
Ne7+ Rxe7 29.Rd8+ Re8 30.Rxc8 Raxc8 31.Nf5 Ng4 32.Qxg4 Rxc2 33.Rf1 a5 34.
Qe4 Rxa2 35.Bc3 Rc8 36.Bd4 Bxd4 37.Nxd4 Nf8 38.Qb1 Rd2 39.Rd1 Rxd1+ 40.
Qxd1 Rd8 41.Qa1 Rd5 42.Nc6 Rb5 43.b4 Rxb4 44.Nxb4 axb4 45.f4 g6 46.g4 Bxg4
47.Qb2 h5 48.Qxb4 Ne6 49.Kf2 Ng7 50.Ke3 Be6 51.Qb8+ Kh7 52.Ke4 h4 53.Ke5 
h3 54.Kf6 Nh5+ 55.Ke7 Ng7 56.Kf8 Nh5 57.Qb2 Bd5 58.Qd4 Be6 59.Qe5 Ba2 60.
f5 gxf5 61.Qe2 Kg6 62.Qxa2 Kg5 63.Kxf7 f4 64.Qe2 Kh4 65.Kg6 Ng3 66.Qf3 Nh1
67.Qxf4# 1-0

[Event "48th Bosna it"]
[Site "Sarajevo BIH"]
[Date "2018.05.07"]
[Round "4.31"]
[White "Doric, Nenad"]
[Black "Trisha, Kanyamarala"]
[Result "1/2-1/2"]
[WhiteElo "2250"]
[BlackElo "1932"]
[EventDate "2018.05.05"]
[PlyCount "44"]

1.e4 c6 2.d4 d5 3.Nd2 dxe4 4.Nxe4 Bf5 5.Qf3 Qd5 6.Bd3 Bxe4 7.Qxe4 Qxe4+ 8.
Bxe4 Nf6 9.Bd3 Nbd7 10.Nf3 e6 11.c3 Bd6 12.O-O O-O 13.Re1 h6 14.Ne5 Rad8 
15.Bc2 c5 16.Nxd7 Rxd7 17.Rd1 c4 18.Bd2 Nd5 19.Be4 Rb8 20.Bf3 b5 21.Be2 
Rc7 22.a3 a5 1/2-1/2

[Event "48th Bosna it"]
[Site "Sarajevo BIH"]
[Date "2018.05.07"]
[Round "4.33"]
[White "Yerden, Huseyin Eren"]
[Black "Strinic, Halid"]
[Result "0-1"]
[WhiteElo "1975"]
[BlackElo "2133"]
[EventDate "2018.05.05"]
[PlyCount "124"]

1.d4 Nf6 2.c4 e6 3.g3 c5 4.d5 exd5 5.cxd5 d6 6.Nc3 g6 7.Bg2 Bg7 8.Nf3 O-O 
9.O-O a6 10.a4 Re8 11.Nd2 Nbd7 12.Nc4 Ne5 13.Na3 Rb8 14.h3 Ned7 15.Bf4 Bf8
16.e4 Qc7 17.Re1 Ne5 18.Bg5 Ned7 19.f4 h6 20.Bh4 Nh7 21.Qd2 Bg7 22.Bf1 f6 
23.g4 g5 24.Bg3 gxf4 25.Bxf4 Ng5 26.Bg2 Ne5 27.Bxe5 Rxe5 28.Nc4 Re7 29.Ne3
b5 30.h4 b4 31.hxg5 bxc3 32.bxc3 fxg5 33.Reb1 Be5 34.Qd3 Bf4 35.Nf5 Bxf5 
36.exf5 Rxb1+ 37.Rxb1 c4 38.Qc2 Re3 39.Kh1 Qa7 40.f6 Rd3 41.Re1 Be5 42.Bf1
Qh7 43.Bxd3 cxd3 44.Qb1 d2 45.Qxh7+ Kxh7 46.Rf1 Bxf6 47.c4 Kg6 48.Kg2 h5 
49.Kf3 hxg4+ 50.Kxg4 Be5 51.Kf3 Kf5 52.Ke3+ Bf4+ 53.Kd4 g4 54.c5 dxc5+ 55.
Kd3 g3 56.Ke2 Ke4 57.d6 Bxd6 58.Rf6 g2 59.Rg6 d1=Q+ 60.Kxd1 Kf3 61.Rf6+ 
Bf4 62.Rg6 Bg3 0-1

[Event "48th Bosna it"]
[Site "Sarajevo BIH"]
[Date "2018.05.07"]
[Round "4.34"]
[White "Stankovic, Dragan"]
[Black "Sesar, Ivan"]
[Result "1/2-1/2"]
[WhiteElo "1919"]
[BlackElo "2122"]
[EventDate "2018.05.05"]
[PlyCount "47"]

1.e4 c5 2.Nf3 e6 3.d4 cxd4 4.Nxd4 Nf6 5.Nc3 Bb4 6.Bd3 Nc6 7.Nxc6 dxc6 8.
O-O e5 9.Ne2 h6 10.h3 Bc5 11.Ng3 Qe7 12.Bc4 g6 13.Kh2 h5 14.f3 Bd7 15.Bd2 
O-O-O 16.Qc1 Be6 17.Bxe6+ Qxe6 18.b4 Qd6 19.Be3 Bxe3 20.Qxe3 h4 21.Ne2 Qd2
22.Qxa7 Qxe2 23.Qa8+ Kc7 24.Qa5+ 1/2-1/2

[Event "48th Bosna it"]
[Site "Sarajevo BIH"]
[Date "2018.05.07"]
[Round "4.35"]
[White "Odzak, Senad"]
[Black "Bucan, Eldin"]
[Result "0-1"]
[WhiteElo "1802"]
[BlackElo "2115"]
[EventDate "2018.05.05"]
[PlyCount "30"]

1.d4 c5 2.Nf3 cxd4 3.Nxd4 e5 4.Nf3 Nf6 5.Nc3 Nc6 6.e3 Bb4 7.Bd2 O-O 8.a3 
Ba5 9.b4 Bc7 10.e4 h6 11.Bc4 Nxe4 12.Nxe4 d5 13.Bg5 hxg5 14.Nfxg5 dxc4 15.
Qh5 Bf5 0-1

[Event "48th Bosna it"]
[Site "Sarajevo BIH"]
[Date "2018.05.07"]
[Round "4.36"]
[White "Kersic, Matej"]
[Black "Kabadayi, Suleyman Arda"]
[Result "1-0"]
[WhiteElo "2109"]
[BlackElo "1514"]
[EventDate "2018.05.05"]
[PlyCount "79"]

1.e4 c5 2.Nf3 d6 3.d4 cxd4 4.Nxd4 Nf6 5.Nc3 a6 6.f3 h5 7.Bc4 e6 8.Bb3 Nbd7
9.Be3 Nc5 10.Qd2 Be7 11.O-O-O Qc7 12.Qf2 b5 13.Kb1 Bb7 14.Rc1 Nfd7 15.Qg3 
Bf6 16.Rhd1 Ne5 17.Ndxb5 axb5 18.Nxb5 Qa5 19.Nxd6+ Kf8 20.Bxc5 Qxc5 21.
Nxb7 Qb6 22.Nd6 h4 23.Qe1 Bg5 24.Qc3 Nc6 25.f4 Bxf4 26.Nxf7 Kxf7 27.Rf1 g5
28.g3 hxg3 29.hxg3 Rh3 30.Qd2 Rd8 31.Qg2 Rxg3 32.Qxg3 Ke7 33.Rxf4 gxf4 34.
Qg7+ Kd6 35.Rd1+ Nd4 36.Qxd4+ Qxd4 37.Rxd4+ Kc7 38.Rxd8 Kxd8 39.Bxe6 f3 
40.Bh3 1-0

[Event "48th Bosna it"]
[Site "Sarajevo BIH"]
[Date "2018.05.07"]
[Round "4.37"]
[White "Celik, Eda"]
[Black "Pantovic, Dragan"]
[Result "0-1"]
[WhiteElo "1831"]
[BlackElo "2107"]
[EventDate "2018.05.05"]
[PlyCount "98"]

1.e4 d6 2.d4 Nf6 3.Nc3 g6 4.Nf3 Bg7 5.Be2 O-O 6.O-O c6 7.a4 Nbd7 8.Re1 Qc7
9.h3 Re8 10.Bc4 d5 11.exd5 Nb6 12.Bb3 Nbxd5 13.Ne5 Be6 14.Nxd5 Bxd5 15.c3 
Bxb3 16.Qxb3 e6 17.Bf4 Nd5 18.Bg3 Qb6 19.Qxb6 Nxb6 20.a5 Bxe5 21.Bxe5 Nd7 
22.a6 b6 23.Bf4 Rac8 24.Bd6 f6 25.Re2 Kf7 26.Rae1 Rcd8 27.Bc7 Rc8 28.Bd6 
c5 29.dxc5 Nxc5 30.Bxc5 Rxc5 31.Rd2 Ra5 32.Rd7+ Re7 33.Red1 Rxa6 34.b4 Ra3
35.R1d3 e5 36.f3 h5 37.Rxe7+ Kxe7 38.h4 Ke6 39.Kf2 Ra2+ 40.Kg3 Rc2 41.b5 
Rb2 42.c4 Rc2 43.Ra3 Rxc4 44.Rxa7 Rb4 45.Rg7 Kf5 46.Kh3 Rb3 47.Rg8 e4 48.
Rb8 Rxb5 49.fxe4+ Kxe4 0-1

[Event "48th Bosna it"]
[Site "Sarajevo BIH"]
[Date "2018.05.07"]
[Round "4.40"]
[White "Erceg, Slobodan"]
[Black "Konjicanin, Muris"]
[Result "0-1"]
[WhiteElo "1791"]
[BlackElo "2289"]
[EventDate "2018.05.05"]
[PlyCount "98"]

1.Nf3 d5 2.d4 c5 3.g3 Nf6 4.Bg2 e6 5.O-O Nc6 6.Nc3 Be7 7.Bf4 O-O 8.Ne5 
Nxd4 9.e3 Nc6 10.Nb5 Nxe5 11.Bxe5 a6 12.Na3 b5 13.c4 b4 14.Nc2 Bb7 15.b3 
Qb6 16.cxd5 Nxd5 17.e4 Bf6 18.Bxf6 Nxf6 19.Re1 Rfd8 20.Qb1 a5 21.Ne3 Rd4 
22.Nc4 Qc7 23.Qc2 Rad8 24.e5 Bxg2 25.exf6 Ba8 26.Rf1 gxf6 27.f3 Bb7 28.Rf2
Ba6 29.Ne3 Bd3 30.Qb2 h5 31.Rc1 Qe5 32.Re1 R4d7 33.Qxe5 fxe5 34.Ng2 f6 35.
Rc1 Ba6 36.Ne3 Rd3 37.Re1 Rd2 38.Rxd2 Rxd2 39.Rc1 Re2 40.Ng2 c4 41.bxc4 
Rxa2 42.Ne3 b3 43.Rb1 b2 44.Kf2 a4 45.Ke2 a3 46.Kd2 Ra1 47.Kc2 Bb7 48.Nd1 
Bxf3 49.Nc3 Bg4 0-1

[Event "48th Bosna it"]
[Site "Sarajevo BIH"]
[Date "2018.05.07"]
[Round "4.41"]
[White "Maksimovic, Masa"]
[Black "Haskovic, Salih"]
[Result "1-0"]
[WhiteElo "2087"]
[BlackElo "1857"]
[EventDate "2018.05.05"]
[PlyCount "66"]

1.e4 e5 2.Nf3 Nc6 3.Bb5 Nf6 4.O-O Nd4 5.Nxd4 exd4 6.e5 Nd5 7.Re1 c6 8.Bc4 
Nb6 9.Bb3 Be7 10.Qg4 O-O 11.Qxd4 d5 12.c3 Bf5 13.Qf4 Qd7 14.d4 h6 15.Qg3 
Kh8 16.Be3 Qd8 17.Qf3 Qd7 18.Qe2 Rae8 19.Nd2 Bg4 20.f3 Bf5 21.g4 Bh7 22.f4
f5 23.h3 fxg4 24.hxg4 Bh4 25.Red1 h5 26.f5 Bg3 27.Nf1 Bh4 28.Qh2 hxg4 29.
Qxh4 Qxf5 30.Rd2 Qe4 31.Bc2 Rxf1+ 32.Rxf1 Qxe3+ 33.Rdf2 Qh6 1-0

[Event "48th Bosna it"]
[Site "Sarajevo BIH"]
[Date "2018.05.07"]
[Round "4.42"]
[White "Comor, Harun"]
[Black "Mahmutbegovic, Muharem"]
[Result "0-1"]
[WhiteElo "1712"]
[BlackElo "2039"]
[EventDate "2018.05.05"]
[PlyCount "132"]

1.d4 Nf6 2.Bf4 g6 3.c3 Bg7 4.Nf3 d5 5.e3 O-O 6.Bd3 Nbd7 7.h3 b6 8.Nbd2 Bb7
9.O-O Ne4 10.Qc2 Nxd2 11.Nxd2 c5 12.Nf3 c4 13.Be2 f6 14.Rfe1 e5 15.Bh2 Qe7
16.Nd2 f5 17.dxe5 Nxe5 18.Nf3 Nxf3+ 19.Bxf3 g5 20.Rad1 Rad8 21.Qe2 b5 22.
a3 a5 23.Qd2 Qe6 24.Be2 g4 25.h4 Bf6 26.Bg3 Qe7 27.f3 Bxh4 28.Bxh4 Qxh4 
29.fxg4 fxg4 30.Qd4 Qf2+ 31.Kh1 Rf6 32.Qxg4+ Rg6 33.Rf1 Qxe3 34.Rf3 Qe5 
35.Rf5 Qe6 36.Rg5 Qxg4 37.Rxg4 Rxg4 38.Bxg4 Rd6 39.Rd4 Kf7 40.Kg1 Ke7 41.
Kf2 Rf6+ 42.Bf3 Kd6 43.Rh4 h6 44.Ke3 Kc5 45.Rh5 Rd6 46.Re5 Rb6 47.Kd2 b4 
48.axb4+ axb4 49.Rh5 Rf6 50.Ke3 b3 51.Re5 Ra6 52.Kf4 Ra2 53.Re2 Ra1 54.Bg4
Rc1 55.Bf5 Rf1+ 56.Ke5 Rd1 57.Be6 d4 58.cxd4+ Rxd4 59.g4 Bd5 60.Bf5 Bf3 
61.Rh2 Bxg4 62.Bxg4 Rxg4 63.Rxh6 Rg2 64.Rh8 Re2+ 65.Kf4 Rxb2 66.Rc8+ Kd4 
0-1

[Event "48th Bosna it"]
[Site "Sarajevo BIH"]
[Date "2018.05.07"]
[Round "4.43"]
[White "Nestorovic, Katarina"]
[Black "Camdzija, Samir"]
[Result "1-0"]
[WhiteElo "2038"]
[BlackElo "1822"]
[EventDate "2018.05.05"]
[PlyCount "39"]

1.e4 c5 2.Nf3 Nc6 3.d4 cxd4 4.Nxd4 Nxd4 5.Qxd4 Qc7 6.Nc3 e5 7.Qd3 Bb4 8.
Bd2 Bxc3 9.Bxc3 Ne7 10.O-O-O b6 11.Bb4 f6 12.Qa3 Qd8 13.Bb5 a6 14.Rd3 h6 
15.Rhd1 Ra7 16.Rc3 axb5 17.Qxa7 O-O 18.Qa3 Re8 19.Bxe7 Rxe7 20.Rxc8 1-0

[Event "48th Bosna it"]
[Site "Sarajevo BIH"]
[Date "2018.05.07"]
[Round "4.44"]
[White "Basic, Nemanja"]
[Black "Halilovic, Fahrudin"]
[Result "0-1"]
[WhiteElo "1763"]
[BlackElo "2035"]
[EventDate "2018.05.05"]
[PlyCount "62"]

1.e4 Nc6 2.d4 d5 3.Bb5 a6 4.Bxc6+ bxc6 5.Nc3 Rb8 6.Nge2 Bg4 7.f3 Bd7 8.O-O
e6 9.Qd3 Bc8 10.f4 Nf6 11.f5 dxe4 12.Nxe4 exf5 13.Nxf6+ Qxf6 14.Ng3 g6 15.
Bf4 Bd6 16.Rae1+ Be6 17.Bh6 Qh4 18.c4 Qxh6 19.d5 cxd5 20.cxd5 O-O 21.dxe6 
fxe6 22.Rxe6 Rxb2 23.Qd5 Kh8 24.Rfe1 f4 25.Nh5 Qxh5 26.Qd4+ Kg8 27.Qxb2 f3
28.gxf3 Bc5+ 29.R1e3 Qxf3 30.Rxg6+ hxg6 31.Qb3+ Qf7 0-1

[Event "48th Bosna it"]
[Site "Sarajevo BIH"]
[Date "2018.05.07"]
[Round "4.45"]
[White "Mattersberger, Melanie"]
[Black "Tarun, Kanyamarala"]
[Result "0-1"]
[WhiteElo "1680"]
[BlackElo "2006"]
[EventDate "2018.05.05"]
[PlyCount "106"]

1.e4 c6 2.Nf3 d5 3.Nc3 Nf6 4.e5 Ne4 5.d3 Nxc3 6.bxc3 c5 7.d4 Nc6 8.Be2 e6 
9.O-O Be7 10.Be3 O-O 11.c4 cxd4 12.Bxd4 dxc4 13.Bxc4 b6 14.c3 Bb7 15.h3 
Rc8 16.Bb3 Nxd4 17.cxd4 Bxf3 18.gxf3 Bb4 19.Qd3 Bc3 20.Rad1 Qg5+ 21.Kh2 
Qf4+ 22.Kg2 Rfd8 23.Qe4 Qxe4 24.fxe4 Bxd4 25.f4 Bc3 26.Rxd8+ Rxd8 27.Rd1 
Rxd1 28.Bxd1 b5 29.Kf3 g5 30.fxg5 Bxe5 31.Kg4 Kf8 32.h4 Ke7 33.h5 Kd6 34.
g6 fxg6 35.hxg6 hxg6 36.Kg5 a5 37.Kxg6 a4 38.Kf7 Bb2 39.Bg4 e5 40.Be6 b4 
41.Bd5 Kc5 42.Ke6 b3 43.axb3 a3 44.b4+ Kxb4 45.Kd6 Bd4 46.Ba2 Kc3 47.Kd5 
Kb2 48.Bc4 a2 49.Bxa2 Kxa2 50.Kc4 Kb2 51.Kd3 Kb3 52.Kd2 Kc4 53.Ke2 Kc3 0-1

[Event "48th Bosna it"]
[Site "Sarajevo BIH"]
[Date "2018.05.07"]
[Round "4.46"]
[White "Janjic, Jovo"]
[Black "Lakota, Izet"]
[Result "1-0"]
[WhiteElo "1981"]
[BlackElo "1761"]
[EventDate "2018.05.05"]
[PlyCount "87"]

1.e4 d5 2.exd5 Qxd5 3.Nf3 g6 4.Nc3 Qd8 5.Bc4 Bg7 6.O-O Nf6 7.d3 O-O 8.h3 
b6 9.Bf4 a6 10.a4 Bb7 11.Re1 Nh5 12.Be5 Bxe5 13.Rxe5 e6 14.Ne4 Nf6 15.Qe2 
Nbd7 16.Rg5 Nxe4 17.dxe4 Qf6 18.c3 Nc5 19.Rg4 h5 20.Rh4 Rad8 21.Qe3 e5 22.
Qg5 Qxg5 23.Nxg5 Kg7 24.f4 f6 25.Nf3 Bxe4 26.fxe5 Bxf3 27.exf6+ Rxf6 28.
gxf3 a5 29.Rd4 Rxd4 30.cxd4 Nb7 31.Bd5 c6 32.Be4 Rd6 33.Rc1 Nd8 34.Rc4 Kf6
35.Kf2 Ne6 36.Ke3 g5 37.Rxc6 Rxc6 38.Bxc6 Nf4 39.Bd7 Ke7 40.Bc8 Nd5+ 41.
Ke4 Nf4 42.h4 Ng6 43.hxg5 h4 44.f4 1-0

[Event "48th Bosna it"]
[Site "Sarajevo BIH"]
[Date "2018.05.07"]
[Round "4.47"]
[White "Mahmutagic, Mevilda"]
[Black "Dedic, Nedzad"]
[Result "0-1"]
[WhiteElo "1538"]
[BlackElo "1973"]
[EventDate "2018.05.05"]
[PlyCount "50"]

1.e4 e6 2.Nf3 Nf6 3.Nc3 d5 4.e5 Nfd7 5.d4 c5 6.Be2 cxd4 7.Qxd4 Nc6 8.Qf4 
h6 9.O-O g5 10.Qg3 a6 11.Re1 Qc7 12.Bd3 Ne7 13.Nd4 Nc6 14.Nxc6 bxc6 15.f4 
Be7 16.Kh1 Bb7 17.fxg5 hxg5 18.Bxg5 Rg8 19.h4 f6 20.Rf1 fxg5 21.hxg5 Rh8+ 
22.Kg1 Bc5+ 23.Rf2 Qb6 24.Rf1 Bxf2+ 25.Rxf2 Rf8 0-1

[Event "48th Bosna it"]
[Site "Sarajevo BIH"]
[Date "2018.05.07"]
[Round "4.48"]
[White "Korjenic, Esef"]
[Black "Terzic, Enes"]
[Result "1-0"]
[WhiteElo "1939"]
[BlackElo "1716"]
[EventDate "2018.05.05"]
[PlyCount "66"]

1.e4 e6 2.Bb5 a6 3.Ba4 b5 4.Bb3 Bb7 5.d3 Qh4 6.Nf3 Qg4 7.O-O f6 8.Nc3 Bd6 
9.Ne2 h5 10.h3 Qg6 11.Nh4 Qf7 12.f4 Ne7 13.Be3 Ng6 14.Nf3 Qe7 15.Qd2 e5 
16.f5 Nf8 17.Nh4 Nc6 18.c3 O-O-O 19.Bd5 Qe8 20.b4 g5 21.fxg6 Nxg6 22.Nf5 
Bf8 23.a4 Nge7 24.Nxe7+ Bxe7 25.Ng3 Qg6 26.Nf5 Rh7 27.axb5 axb5 28.Ra2 Nb8
29.Bxb7+ Kxb7 30.Ra7+ Kc8 31.Qa2 Rg8 32.Rf2 Rf7 33.Nxe7+ Rxe7 1-0

[Event "48th Bosna it"]
[Site "Sarajevo BIH"]
[Date "2018.05.07"]
[Round "4.49"]
[White "Vujicic, Dragisa"]
[Black "Bavcic, Fuad"]
[Result "1-0"]
[WhiteElo "1900"]
[BlackElo "1694"]
[EventDate "2018.05.05"]
[PlyCount "97"]

1.e4 e6 2.d4 d5 3.e5 c5 4.dxc5 Nc6 5.Nf3 Bd7 6.Bd3 h6 7.h4 Bxc5 8.c3 a5 9.
a4 Nge7 10.h5 Qb6 11.Qe2 d4 12.O-O Nd5 13.Bc4 Nce7 14.cxd4 Bxd4 15.Nxd4 
Qxd4 16.Na3 O-O 17.Nb5 Qc5 18.Nd6 Rab8 19.Ne4 Qd4 20.Ng3 Nc6 21.Rd1 Qc5 
22.Ne4 Qb6 23.Bxd5 exd5 24.Rxd5 Be6 25.Be3 Qb4 26.Bc5 Qb3 27.Rd3 Qc4 28.
Bxf8 Kxf8 29.Rd2 Nxe5 30.Qxc4 Nxc4 31.Rc2 b6 32.Nd2 Ne5 33.Nf3 Nd3 34.Rd2 
Nc5 35.Ra3 Ne4 36.Rd4 Nf6 37.Ne5 Nxh5 38.Nd7+ Bxd7 39.Rxd7 Nf6 40.Rd4 Ne8 
41.Rc3 g5 42.b3 Kg7 43.Rc6 h5 44.Rd5 f6 45.f4 gxf4 46.Rxh5 Rb7 47.Rb5 Nc7 
48.Rcxb6 Ra7 49.Rb7 1-0

[Event "48th Bosna it"]
[Site "Sarajevo BIH"]
[Date "2018.05.07"]
[Round "4.51"]
[White "Cabric, Izet"]
[Black "Bies, Brian"]
[Result "0-1"]
[WhiteElo "1885"]
[BlackElo "1610"]
[EventDate "2018.05.05"]
[PlyCount "73"]

1.c4 e5 2.Nc3 Nc6 3.g3 b6 4.Bg2 Bb7 5.e3 Nf6 6.Nge2 Be7 7.O-O Na5 8.Nd5 
Nxd5 9.cxd5 Nc4 10.b3 Nd6 11.Bb2 Bf6 12.Rc1 O-O 13.d3 Rc8 14.Nc3 Re8 15.
Ne4 Nxe4 16.dxe4 Be7 17.Bxe5 Ba3 18.Bd4 Bxc1 19.Qxc1 c5 20.Ba1 d6 21.Qc3 
f6 22.h4 Qe7 23.f3 c4 24.Bh3 Rc7 25.Rc1 b5 26.Qa5 Bxd5 27.Qxb5 Be6 28.Bf1 
Rb7 29.Qa5 cxb3 30.axb3 Rxb3 31.Rc7 Qf8 32.Bd4 Rc8 33.Rxa7 Rbb8 34.Kf2 
Rc2+ 35.Be2 Bc4 36.g4 Rxe2+ 37.Kg3 0-1

[Event "48th Bosna it"]
[Site "Sarajevo BIH"]
[Date "2018.05.07"]
[Round "4.55"]
[White "Gazija, Tarik"]
[Black "Leutic, Ante"]
[Result "0-1"]
[WhiteElo "1528"]
[BlackElo "2087"]
[EventDate "2018.05.05"]
[PlyCount "48"]

1.e4 d6 2.d4 e5 3.Nf3 Nd7 4.Nc3 c6 5.d5 Ngf6 6.Bd3 Be7 7.O-O O-O 8.h3 Nc5 
9.Qe2 Ne8 10.Be3 Nxd3 11.cxd3 f5 12.Rac1 f4 13.Bd2 c5 14.a3 Rf6 15.Kh2 Bd7
16.b4 b6 17.Rc2 Rh6 18.Ng1 Nf6 19.g3 Bxh3 20.Nxh3 Qd7 21.g4 Nxg4+ 22.Kg2 
Ne3+ 23.fxe3 Qxh3+ 24.Kg1 Qh1+ 0-1

[Event "48th Bosna it"]
[Site "Sarajevo BIH"]
[Date "2018.05.07"]
[Round "4.56"]
[White "Zechner, Andrea"]
[Black "Radaca, Nasir"]
[Result "1-0"]
[WhiteElo "1811"]
[BlackElo "1619"]
[EventDate "2018.05.05"]
[PlyCount "97"]

1.d4 Nf6 2.c4 g6 3.Nc3 d5 4.cxd5 Nxd5 5.e4 Nxc3 6.bxc3 Bg7 7.Bc4 c5 8.Ne2 
O-O 9.O-O Qc7 10.Bd3 Rd8 11.Bf4 Qa5 12.Bd2 Nc6 13.d5 Ne5 14.Be1 c4 15.Bc2 
e6 16.Nf4 exd5 17.Nxd5 Be6 18.f4 Bxd5 19.exd5 Rxd5 20.Qe2 Nd3 21.Bxd3 Rxd3
22.Qe4 Qd5 23.Qe7 Bxc3 24.Bxc3 Rxc3 25.f5 Rc2 26.Qg5 f6 27.Qg4 g5 28.Rad1 
Qc6 29.h4 h5 30.Qg3 g4 31.Kh1 Re8 32.Rd6 Qc7 33.Rfd1 Rce2 34.Qc3 R2e5 35.
Rxf6 Qe7 36.Rg6+ Kh7 37.Re6 Rxe6 38.fxe6 Qxe6 39.Qc2+ Kg8 40.Qc1 Qf6 41.
Qxc4+ Kh8 42.Rf1 Qxh4+ 43.Kg1 Qe7 44.Qb5 Qe5 45.Rf8+ Kg7 46.Qxe8 Qc5+ 47.
Rf2 g3 48.Qf7+ Kh6 49.Qf8+ 1-0

[Event "48th Bosna it"]
[Site "Sarajevo BIH"]
[Date "2018.05.07"]
[Round "4.58"]
[White "Beslija, Ismir"]
[Black "Beslija, Hana"]
[Result "1/2-1/2"]
[WhiteElo "1696"]
[BlackElo "1129"]
[EventDate "2018.05.05"]
[PlyCount "61"]

1.e4 d5 2.exd5 Qxd5 3.Nc3 Qa5 4.a3 c6 5.Bc4 Nf6 6.h3 Bf5 7.Bb3 e6 8.d3 
Nbd7 9.Nf3 Bd6 10.Bd2 Qc7 11.Qe2 O-O-O 12.O-O-O h6 13.Be3 Bf4 14.Kb1 Bxe3 
15.Qxe3 Qb6 16.Rhe1 Rhe8 17.Na4 Qxe3 18.Rxe3 Nd5 19.Bxd5 exd5 20.Rde1 Rxe3
21.Rxe3 Bg6 22.Ne5 Nxe5 23.Rxe5 b6 24.Nc3 Kd7 25.g4 Re8 26.Rxe8 Kxe8 27.f4
Ke7 28.f5 Bh7 29.d4 g6 30.fxg6 Bxg6 31.Ne2 1/2-1/2

[Event "48th Bosna it"]
[Site "Sarajevo BIH"]
[Date "2018.05.07"]
[Round "4.59"]
[White "Fejzic, Danis"]
[Black "Hamzic, Adil"]
[Result "1/2-1/2"]
[WhiteElo "1460"]
[BlackElo "1688"]
[EventDate "2018.05.05"]
[PlyCount "61"]

1.e4 c5 2.Nf3 d6 3.d4 cxd4 4.Nxd4 Nf6 5.Nc3 a6 6.Be3 b5 7.f3 e6 8.Qd2 Bd7 
9.g4 Nc6 10.O-O-O Rc8 11.h4 Be7 12.h5 Qa5 13.Nb3 Qc7 14.g5 Ng8 15.Rg1 Ne5 
16.Be2 Nc4 17.Bxc4 bxc4 18.Nd4 Rb8 19.g6 f6 20.gxh7 Rxh7 21.Qg2 g5 22.hxg6
Rg7 23.Rh1 Qb7 24.Kd2 Kd8 25.Rh7 Bf8 26.Rxg7 Bxg7 27.Qh2 e5 28.Nde2 Be6 
29.Ke1 Kc7 30.Qh7 Kc6 31.Rb1 1/2-1/2

[Event "48th Bosna it"]
[Site "Sarajevo BIH"]
[Date "2018.05.07"]
[Round "4.60"]
[White "Musinovic, Mirsad"]
[Black "Colpa, Husein"]
[Result "0-1"]
[WhiteElo "1561"]
[BlackElo "1922"]
[EventDate "2018.05.05"]
[PlyCount "70"]

1.Nf3 Nf6 2.d4 d5 3.Bf4 Nbd7 4.e3 a6 5.Bd3 c5 6.c3 b5 7.O-O Bb7 8.Nbd2 e6 
9.Re1 Be7 10.Ne5 Rc8 11.Ndf3 h6 12.Bg3 Qb6 13.a3 Rd8 14.h3 O-O 15.Nh2 Ne4 
16.Nf1 Nxg3 17.Nxg3 Nxe5 18.dxe5 Qc7 19.f4 f6 20.Qh5 f5 21.Qg6 Qc6 22.Be2 
Bh4 23.Nh5 Rf7 24.Rf1 Qe8 25.g4 Rfd7 26.Qxe8+ Rxe8 27.Kh2 g6 28.Ng3 d4 29.
Rad1 Red8 30.exd4 cxd4 31.cxd4 Rxd4 32.gxf5 gxf5 33.Nh5 Rd2 34.Rg1+ Kf8 
35.Ng3 Bf3 0-1